Vulnerability Assessment Application for Organisations
Na minha lista:
| Autor principal: | |
|---|---|
| Outros Autores: | |
| Formato: | Manuscrito Livro |
| Idioma: | eslovaco inglês |
| Publicado em: |
2025
|
| Assuntos: | |
| Acesso em linha: | http://is.stuba.sk/zp/portal_zp.pl?podrobnosti=183703 |
| Tags: |
Sem tags, seja o primeiro a adicionar uma tag!
|
MARC
| LEADER | 00000ntm a22000003a 4500 | ||
|---|---|---|---|
| 001 | stuzp105870 | ||
| 003 | SK-STU | ||
| 005 | 20250607211912.0 | ||
| 007 | ta | ||
| 008 | 150427s2015----xo-----f-mn---000-0-slo-d | ||
| 040 | |a STU |b slo | ||
| 041 | 0 | |a eng | |
| 100 | 1 | |a Roman, Branislav |u 070400 |4 aut |U FIIT Fakulta informatiky a informačných technológií |T FIIT Ústav počítačového inžinierstva a aplikovanej informatiky |X 110887 |U I400 |Y 672 |7 110887 | |
| 242 | 0 | 1 | |a Aplikácia na vyhodnocovanie zraniteľností organizácií |y slo |
| 245 | 1 | 0 | |a Vulnerability Assessment Application for Organisations |
| 260 | |c 2025 | ||
| 650 | 4 | |a open-source |2 eng | |
| 650 | 4 | |a automation |2 eng | |
| 650 | 4 | |a asset management |2 eng | |
| 650 | 4 | |a Kibana |2 eng | |
| 650 | 4 | |a OpenVAS |2 eng | |
| 650 | 4 | |a Nessus |2 eng | |
| 650 | 4 | |a NetBox |2 eng | |
| 650 | 4 | |a cybersecurity |2 eng | |
| 650 | 4 | |a vulnerability management |2 eng | |
| 650 | 4 | |a vulnerability assessment |2 eng | |
| 650 | 4 | |a Elastic Stack |2 eng | |
| 650 | 4 | |a OpenVAS |2 slo | |
| 650 | 4 | |a Nessus |2 slo | |
| 650 | 4 | |a kybernetická bezpečnosť |2 slo | |
| 650 | 4 | |a správa aktív |2 slo | |
| 650 | 4 | |a Kibana |2 slo | |
| 650 | 4 | |a vyhodnocovanie zraniteľností |2 slo | |
| 650 | 4 | |a Elastic Stack |2 slo | |
| 650 | 4 | |a NetBox |2 slo | |
| 650 | 4 | |a manažment zraniteľností |2 slo | |
| 650 | 4 | |a open-source |2 slo | |
| 650 | 4 | |a automatizácia |2 slo | |
| 700 | 1 | |a Valach, Alexander |u 070400 |k Z8 |4 ths |U FIIT Fakulta informatiky a informačných technológií |T FIIT Ústav počítačového inžinierstva a aplikovanej informatiky |X 79791 |U I400 |Y 672 |7 79791 | |
| 856 | 4 | |u http://is.stuba.sk/zp/portal_zp.pl?podrobnosti=183703 | |